00474nam a2200181Ia 4500003000400000005001700004008004100021020002200062040000700084041000800091082001500099100002000114245006500134260004000199300001700239365001300256650002300269OSt20230529100520.0210423s2016 xx 000 0 und d a978-93-86105-55-4 cAL aeng a541.3 CHAP aCHANG (Raymond) aPhysical chemistry: for the chemical and biological sciences aNew DelhibViva Books Pvt Ltdc2016 axvi,1121bPB b995cINR aPhysical Chemistry